El novelista y sus personajes

Guardado en:
Detalles Bibliográficos
Autor principal: Mauriac, François (autor)
Formato: Libro
Lenguaje:español
Publicado: Buenos Aires Emecé 1955
Colección:Cuadernos de Ensayos, 22
Materias:
Etiquetas: Agregar Etiqueta
Sin Etiquetas, Sea el primero en etiquetar este registro!

MARC

LEADER 00000nam a2200000 a 4500
001 UCY6812
003 CL-VaPUC
008 950602e19550000AG |||||||||||||||||spa|d
082 0 4 |a 840.9  |b MAU  |2 21 
100 |a Mauriac, François  |e autor  |9 304055 
245 1 3 |a El novelista y sus personajes 
300 |a 56 p 
942 |c BK 
945 |d 19950602 00:00:00  |a rbrito 
260 |a Buenos Aires  |b Emecé  |c 1955 
650 0 |a Novela   |9 313705 
650 0 |a Crítica literaria   |9 269189 
583 |a last modification  |c 19950602 00:00:00  |k Rodrigo Vera 
490 0 |a Cuadernos de Ensayos, 22 
999 |c 234312  |d 234310 
952 |0 0  |1 0  |4 0  |6 840_900000000000000_MAU_1955  |7 0  |8 A  |9 240450  |a BIBART  |b BIBART  |d 2019-11-18  |i 2003643  |o 840.9 MAU 1955  |p 2003643  |r 2025-03-13  |w 2019-11-18  |y BK  |k ART